Seed technology / (Record no. 7305)
[ view plain ]
| 000 -LEADER | |
|---|---|
| fixed length control field | 00327cam a2200133ua 4500 |
| 020 ## - INTERNATIONAL STANDARD BOOK NUMBER | |
| ISBN | 81204099949 |
| 082 ## - DEWEY DECIMAL CLASSIFICATION NUMBER | |
| Classification number | 631.521 |
| Item number | AGR/SE |
| 100 ## - MAIN ENTRY--AUTHOR NAME | |
| Personal name | Agrawal, R L . |
| 245 ## - TITLE STATEMENT | |
| Title | Seed technology / |
| 250 ## - EDITION STATEMENT | |
| Edition statement | 1 / 2 |
| 260 ## - PUBLICATION, DISTRIBUTION, ETC. (IMPRINT) | |
| Place of publication | New Delhi : |
| Name of publisher | Oxford & IBH Publishing company , |
| Year of publication | 1980. |
| -- | 2010 |
| 300 ## - PHYSICAL DESCRIPTION | |
| Number of Pages | 685 ; . 829 |
| 942 ## - ADDED ENTRY ELEMENTS (KOHA) | |
| Koha item type | Books |
| Withdrawn status | Lost status | Damaged status | Home library | Current library | Date acquired | Full call number | Accession Number | Koha item type | Collection code | Shelving location | Source of acquisition | Cost, normal purchase price |
|---|---|---|---|---|---|---|---|---|---|---|---|---|
| KAUAET | KAUAET | 02/09/1986 | 631.521 | 15612 | Books | |||||||
| KAUAET | KAUAET | 07/04/2012 | 631.521 | 14612 | Books | |||||||
| KAUAET | KAUAET | 01/11/1988 | 631.521 | 16397 | Books | |||||||
| KAUAET | KAUAET | 07/04/2012 | 631.521 | 14642 | Books | |||||||
| KAUAET | KAUAET | 31/03/2012 | 631.521 AGR/SE | 22456 | Books | Non-fiction | General Stacks | Current Books, Thrissur | 440.00 |
